<?xml version="1.0" encoding="UTF-8"?>
<marc:record xmlns:marc="http://www.loc.gov/MARC21/slim">
   <marc:leader>00000nam a2200000 a 4500</marc:leader>
   <marc:datafield ind1="1" ind2=" " tag="100">
      <marc:subfield code="a">Mutter, Joachim</marc:subfield>
      <marc:subfield code="4">aut</marc:subfield>
      <marc:subfield code="e">Verfasser/-in</marc:subfield>
   </marc:datafield>
   <marc:datafield ind1="0" ind2="0" tag="245">
      <marc:subfield code="a">Lass dich nicht vergiften!</marc:subfield>
   </marc:datafield>
   <marc:datafield ind1="0" ind2="0" tag="245">
      <marc:subfield code="b">warum uns Schadstoffe chronisch krank machen und wie wir ihnen entkommen</marc:subfield>
   </marc:datafield>
   <marc:datafield ind1="0" ind2="0" tag="245">
      <marc:subfield code="c">Joachim Mutter</marc:subfield>
   </marc:datafield>
   <marc:datafield ind1=" " ind2="1" tag="264">
      <marc:subfield code="a">München</marc:subfield>
      <marc:subfield code="b">Gräfe und Unzer</marc:subfield>
      <marc:subfield code="c">2012</marc:subfield>
   </marc:datafield>
   <marc:datafield ind1=" " ind2=" " tag="250">
      <marc:subfield code="a">1. Aufl.</marc:subfield>
   </marc:datafield>
   <marc:datafield ind1="1" ind2=" " tag="520">
      <marc:subfield code="a">Angaben aus der Verlagsmeldung

Lass dich nicht vergiften! : Warum uns Schadstoffe chronisch krank machen und wie wir ihnen entkommen / von Joachim Mutter

Alle chronischen Erkrankungen basieren laut Umweltmediziner Dr. med. Joachim Mutter auf Vergiftungen. Meist wird nur symptomatisch behandelt, für eine erfolgreiche Therapie ist aber die Kenntnis der zahlreichen Ursachen - ob Mobilfunk, Pestizide oder Weichmacher - nötig. Neben der Darstellung krankmachender Faktoren und wie man sie meiden kann, werden wirksame Therapien beschrieben, mit denen man seinen Körper nachhaltig bei der Entgiftung unterstützen kann. Dabei wird das Beste aus moderner Umweltmedizin und Naturheilkunde in Dr. Mutters speziellen Entgiftungsprogramm kombiniert: Schwermetallausleitung, Ernährungsumstellung, Sport und Vitalstoffergänzung. Im letzten Teil des Buches werden die häufigsten Krankheiten beschrieben und spezielle Wege zur Selbsthilfe aufgezeigt, die über das Basisprogramm hinausgehen. So hilft dieser Ratgeber den Betroffenen beim Umgang mit der chronischen Erkrankung und liefert wertvolle Hinweise zu Diagnostik, Ausleitungsverfahren und Therapie.
</marc:subfield>
   </marc:datafield>
   <marc:datafield ind1=" " ind2=" " tag="020">
      <marc:subfield code="a">9783833824999</marc:subfield>
      <marc:subfield code="9">9783833824999</marc:subfield>
   </marc:datafield>
   <marc:datafield ind1=" " ind2=" " tag="020">
      <marc:subfield code="a">3833824999</marc:subfield>
      <marc:subfield code="9">3833824999</marc:subfield>
   </marc:datafield>
   <marc:datafield ind1=" " ind2=" " tag="300">
      <marc:subfield code="a">208 S.</marc:subfield>
   </marc:datafield>
</marc:record>
